| 000 | 00381 a2200145 4500 | ||
|---|---|---|---|
| 020 | _a0-14-062047-8 | ||
| 040 |
_aDLC _bDLC |
||
| 100 | 1 | _aHardy, Thomas, | |
| 245 | 0 | 0 |
_aFar from the madding crowd _cHardy, Thomas |
| 260 |
_aLondon : _bPenguin books, _c1994 |
||
| 300 | _a374 s. | ||
| 490 | 0 | _aPenguin popular classics | |
| 500 | _aOriginalupplaga 1874 | ||
| 942 |
_cBK _k823.8 HAR _2ddc |
||
| 999 |
_c5118 _d5118 |
||